Die epitome exactis regibus. Studien zur Geschichte des römischen Rechts im Mittelalter.
Αποθηκεύτηκε σε:
| Κύριος συγγραφέας: | |
|---|---|
| Μορφή: | Βιβλίο |
| Έκδοση: |
Darmstadt, Deutschland:
Scientia,
1965.
|
| Έκδοση: | Herausgegeben mit Anhängen und einer . |
| Θέματα: | |
| Ετικέτες: |
Προσθήκη ετικέτας
Δεν υπάρχουν, Καταχωρήστε ετικέτα πρώτοι!
|
MARC
| LEADER | 00000nam a22000007a 4500 | ||
|---|---|---|---|
| 003 | CL-VaPUC | ||
| 005 | 20220822114618.0 | ||
| 008 | 220713t1965 ||||| |||| 00| 0 eng d | ||
| 999 | |c 436992 |d 436990 | ||
| 040 | |c Pontificia Universidad Católica de Valparaíso | ||
| 082 | 0 | 4 | |a 340.54 CON 1965 |2 21 |
| 100 | 0 | |a Conrat (Chon), Max |e author |9 400968 | |
| 245 | |a Die epitome exactis regibus. |b Studien zur Geschichte des römischen Rechts im Mittelalter. | ||
| 250 | |a Herausgegeben mit Anhängen und einer . | ||
| 260 | |a Darmstadt, Deutschland: |b Scientia, |c 1965. | ||
| 300 | |a 224 páginas. | ||
| 500 | |a c.1 Donación Familia Prof. Alejandro Guzmán Brito. | ||
| 583 | |a last modification |c 19980116 00:00:00 |k Cristina María Rojas Aguilar | ||
| 650 | 0 | |a Derecho romano |9 255930 |x Terminología | |
| 650 | 0 | |a Derecho romano |x Historia |y Edad media |9 872816 | |
| 650 | 0 | |a Fuentes del derecho |9 255162 | |
| 942 | |c BK |2 ddc |n 0 | ||
| 952 | |0 0 |1 0 |2 ddc |4 0 |6 340_540000000000000_CON_1965 |7 0 |8 C_AGB |9 584728 |a BIBDER |b BIBDER |d 2022-07-13 |e Donación |i 5652780 |o 340.54 CON 1965 |p 5652780 |r 2023-01-25 |t 1 |w 2022-07-13 |y BK_US |k AGB | ||